|
|
|
|
| LEADER |
02145nam a2200541 a 4500 |
| 001 |
nkc20071707221 |
| 003 |
CZ PrNK |
| 005 |
20080805104825.0 |
| 007 |
ta |
| 008 |
070807s2007 xr ac e c 000 0dcze |
| 015 |
|
|
|a cnb001707221
|
| 020 |
|
|
|a 978-80-87069-00-4
|q (složený list)
|
| 035 |
|
|
|a (OCoLC)189425308
|
| 040 |
|
|
|a ABA001
|b cze
|
| 043 |
|
|
|a e-xr---
|
| 045 |
|
|
|a x6x9
|
| 072 |
|
7 |
|a 74
|x Kresba. Umělecká řemesla
|2 Konspekt
|9 21
|
| 080 |
|
|
|a 741/744(437.3)
|2 MRF
|
| 080 |
|
|
|a 76(437.3)
|2 MRF
|
| 080 |
|
|
|a 741.5
|2 MRF
|
| 080 |
|
|
|a (437.3)
|2 MRF
|
| 080 |
|
|
|a (083.824)
|2 MRF
|
| 100 |
1 |
|
|a Holý, Stanislav,
|d 1943-1998
|7 jk01041874
|4 art
|
| 245 |
1 |
0 |
|a Stanislav Holý - kresby a litografie :
|b [GVUN ... 26.1.-18.3.2007 /
|c ... připravili Helena Müllerová, Vlastislav Tokoš]
|
| 246 |
3 |
|
|a Kresby a litografie - Stanislav Holý
|
| 260 |
|
|
|a V Náchodě :
|b Galerie výtvarného umění,
|c 2007
|
| 300 |
|
|
|a 1 slož. list [6 s.] :
|b barev. il. ;
|c 24 cm
|
| 500 |
|
|
|a Ke stejnojmenné výstavě vydala Galerie výtvarného umění v Náchodě
|
| 500 |
|
|
|a Životopisná data, přehled výstav a realizací
|
| 504 |
|
|
|a Obsahuje bibliografické odkazy
|
| 600 |
1 |
7 |
|a Holý, Stanislav,
|d 1943-1998
|7 jk01041874
|2 czenas
|
| 648 |
|
7 |
|a 20. století
|7 ch460558
|2 czenas
|
| 650 |
0 |
7 |
|a česká kresba
|7 ph116857
|y 20. stol.
|2 czenas
|
| 650 |
0 |
7 |
|a česká grafika
|7 ph128116
|y 20. stol.
|2 czenas
|
| 650 |
0 |
7 |
|a kreslený humor
|7 ph121946
|z Česko
|y 20. stol.
|2 czenas
|
| 650 |
0 |
9 |
|a Czech drawing
|y 20th century
|2 eczenas
|
| 650 |
0 |
9 |
|a Czech prints
|y 20th century
|2 eczenas
|
| 650 |
0 |
9 |
|a pictorial humor
|z Czechia
|y 20th century
|2 eczenas
|
| 655 |
|
7 |
|a katalogy výstav
|7 fd132536
|2 czenas
|
| 655 |
|
9 |
|a exhibition catalogs
|2 eczenas
|
| 700 |
1 |
|
|a Müllerová, Helena,
|d 1979-
|7 xx0053415
|4 edt
|
| 700 |
1 |
|
|a Tokoš, Vlastislav,
|d 1977-
|7 mzk2006368404
|4 edt
|
| 710 |
2 |
|
|a Galerie výtvarného umění (Náchod, Česko)
|7 kn20010724245
|
| 910 |
2 |
|
|a BOA001
|b 1-1189.469
|
| 990 |
|
|
|a BK
|
| 995 |
|
|
|a 01
|
| 991 |
|
|
|b 200708
|c NOV
|
| 996 |
6 |
|
|b 2610316866
|c 1-1189.469
|l MZK
|r Sklad / do 1 hodiny
|n 0
|p p.v.
|w 000858413
|u 000010
|a 1
|e BOA001
|j MZK50
|s P
|